[Event "Asker 75th"]
[Site "Asker"]
[Date "1997.11.26"]
[Round "5"]
[White "Rytshagov, Mikhail"]
[Black "Nielsen, Peter Heine"]
[Result "0-1"]
[WhiteElo "2525"]
[BlackElo "2515"]

1.e4 c5 2.Nf3 Nc6 3.d4 cxd4 4.Nxd4 g6 5.c4 Bg7 6.Be3 Nf6 7.Nc3 O-O 8.Be2 d6
9.O-O Bd7 10.f3 Qb6 11.Kh1 Qxb2 12.Na4 Qa3 13.Bc1 Qxa4 14.Qxa4 Nxd4 15.Qd1 Nxe2
16.Qxe2 Nxe4 17.Ba3 Nc5 18.Qxe7 Be6 19.Qxd6 b6 20.Bxc5 bxc5 21.Rac1 Bd4 22.Rfe1 a5
23.h4 a4 24.h5 Kg7 25.Qf4 gxh5 26.Re5 Bxe5 27.Qxe5+ Kg6 28.Qxc5 Rfd8 29.f4 Bf5
30.Qe7 f6 31.c5 Re8 32.Qb7 Be4 33.c6 Rab8 34.f5+ Bxf5 35.Qc7 Rb4 36.Qg3+ Rg4
37.Qf2 Be4 38.c7 Rxg2 39.Qxg2+ Bxg2+ 40.Kxg2 Rc8 41.Kg3 Kf5 42.a3 Ke6 43.Rc4 Kd5
44.Rxa4 Rxc7 45.Ra5+ Ke4 46.Rxh5 f5 47.a4 f4+ 48.Kf2 Rc2+ 49.Kg1 Ke3 50.Re5+ Kf3
51.Rb5 Ra2 52.a5 h6 53.Rb3+ Kg4 54.Rb6 Kg3 55.Rg6+ Kf3 56.Rxh6 Ra1+ 57.Kh2 Rxa5
58.Rf6 Rg5 59.Ra6 Rg2+ 60.Kh1 Re2 61.Ra1 Re3 62.Kg1 Kg3 63.Kf1 Rb3 64.Kg1 f3
65.Rc1 Rb2  0-1

[Event "Asker 75th"]
[Site "Asker"]
[Date "1997.11.27"]
[Round "6"]
[White "Nielsen, Peter Heine"]
[Black "Hellsten, Johan"]
[Result "1-0"]
[WhiteElo "2515"]
[BlackElo "2495"]

1.Nf3 Nf6 2.c4 c6 3.Nc3 d5 4.d4 dxc4 5.a4 Bg4 6.Ne5 Bh5 7.f3 Nfd7 8.Nxc4 e5
9.g3 Bb4 10.dxe5 O-O 11.Bh3 Qe7 12.f4 f6 13.e6 Nc5 14.Ne3 Rd8 15.Qc2 Kh8
16.f5 Nba6 17.O-O Ba5 18.Na2 Rac8 19.Nc4 Bc7 20.b4 Nxa4 21.g4 Be8 22.Qxa4 c5
23.b5 Nb4 24.Nxb4 cxb4 25.Be3 a6 26.Qb3 axb5 27.Nd2 Bc6 28.Rad1 Bb8 29.Nf3 h5
30.gxh5 Bxf3 31.Rxd8+ Qxd8 32.Rxf3 Rc3 33.Qxb4 Qd1+ 34.Bf1 Rxe3 35.Rxe3 Ba7
36.Qe4 Qc1 37.e7  1-0

[Event "Asker 75th"]
[Site "Asker"]
[Date "1997.11.28"]
[Round "7"]
[White "Ostenstad, Berge"]
[Black "Nielsen, Peter Heine"]
[Result "1/2-1/2"]
[WhiteElo "2465"]
[BlackElo "2515"]

1.d4 Nf6 2.c4 e6 3.Nf3 d5 4.Nc3 Bb4 5.Qa4+ Nc6 6.Bg5 h6 7.Bxf6 Qxf6 8.cxd5 exd5
9.e3 O-O 10.Be2 Be6 11.O-O a6  1/2-1/2

[Event "Asker 75th"]
[Site "Asker"]
[Date "1997.11.30"]
[Round "9"]
[White "Kristensen, Bjarke"]
[Black "Nielsen, Peter Heine"]
[Result "1/2-1/2"]
[WhiteElo "2430"]
[BlackElo "2515"]

1.e4 e5 2.Nf3 Nf6 3.Nxe5 d6 4.Nf3 Nxe4 5.d3 Nf6 6.d4 d5 7.Bd3 Bd6 8.Qe2+ Qe7
9.Qxe7+ Kxe7 10.h3 Re8 11.O-O Kf8 12.Nc3 c6 13.Ne2 b6  1/2-1/2

[Event "Viking op"]
[Site "Aaland-Stockholm"]
[Date "1997.??.??"]
[Round "?"]
[White "Nielsen, Peter Heine"]
[Black "Plachetka, Jan"]
[Result "1/2-1/2"]
[WhiteElo "2515"]
[BlackElo "2445"]

1.d4 Nf6 2.c4 c5 3.d5 b5 4.cxb5 a6 5.bxa6 g6 6.Nc3 Bxa6 7.d6 Bg7 8.e4 Bxf1
9.Kxf1 Nc6 10.Nf3 O-O 11.Bg5 exd6 12.Qxd6 Qb8 13.Qd2 Re8 14.Re1 Nd4 15.Nxd4 cxd4
16.Bxf6 dxc3 17.Bxc3 Rxa2 18.Bxg7 Kxg7 19.g3 Rxb2 20.Qd4+ Kg8 21.Kg2 Qb7
22.Rd1 Rxe4 23.Qxd7 Qxd7 24.Rxd7 Ree2 25.Rf1 h5 26.h4 Kg7  1/2-1/2

[Event "Viking op"]
[Site "Aaland-Stockholm"]
[Date "1997.??.??"]
[Round "?"]
[White "Nielsen, Peter Heine"]
[Black "Norqvist, Jorgen"]
[Result "1-0"]
[WhiteElo "2515"]
[BlackElo "2125"]

1.d4 d6 2.Nf3 Bg4 3.c4 Nd7 4.g3 e5 5.Bg2 Ngf6 6.O-O Be7 7.Nh4 c6 8.h3 Bh5
9.Nf5 O-O 10.Nc3 Bg6 11.Nxe7+ Qxe7 12.d5 e4 13.Be3 Ne5 14.b3 c5 15.Bg5 Ned7
16.f4 exf3 17.exf3 h6 18.Re1 Qd8 19.Bf4 Ne8 20.Qd2 Qf6 21.Re2 b5 22.cxb5 Nc7
23.Rae1 Qd4+ 24.Kh2 Bd3 25.Be3  1-0

[Event "Skolernes Skakklub"]
[Site "Aarhus"]
[Date "1997.??.??"]
[Round "7"]
[White "Nielsen, Peter Heine"]
[Black "Hellers, Ferdinand"]
[Result "0-1"]
[WhiteElo "2525"]
[BlackElo "2585"]

1.e4 c5 2.Nf3 d6 3.d4 cxd4 4.Nxd4 Nf6 5.Nc3 a6 6.Be2 e5 7.Nb3 Be7 8.O-O O-O
9.Be3 Be6 10.Qd2 Nbd7 11.a4 Rc8 12.a5 Qc7 13.Rfd1 Qc6 14.Bf3 Rfe8 15.Qe1 Nc5
16.Nxc5 dxc5 17.Nd5 Bxd5 18.exd5 Qc7 19.c4 Bd6 20.g3 e4 21.Be2 Nd7 22.Rdc1 f5
23.Rab1 f4 24.gxf4 Bxf4 25.b4 Bxh2+ 26.Kh1 Bd6 27.Bg4 Ne5 28.Qe2 Nxg4 29.Qxg4 Qf7
30.b5 Rb8 31.bxa6 bxa6 32.Rxb8 Rxb8 33.Qxe4 Qh5+ 34.Kg2 Re8 35.Qf3 Qg6+ 36.Kf1 Rf8
37.Qd1 Qe4 38.Ke2 Be5 39.Qh1 Qg4+ 40.Kd3 Rb8 41.Rc2 Rb3+ 42.Kd2 Qf5 43.d6 Qd3+
44.Kc1 Bb2+ 45.Kb1 Bd4+  0-1

[Event "BL2-W9798"]
[Site "Germany"]
[Date "1997.??.??"]
[Round "?.1"]
[White "Richter, Wolfgang"]
[Black "Nielsen, Peter Heine"]
[Result "1/2-1/2"]
[WhiteElo "2460"]
[BlackElo "2515"]

1.e4 c5 2.Nf3 e6 3.d3 d5 4.Qe2 Ne7 5.g3 Nbc6 6.Bg2 g6 7.O-O Bg7 8.c3 b6 9.Re1 Ba6
10.e5 h6 11.h4 Qc7 12.Na3 b5 13.d4 cxd4 14.cxd4 Qb6 15.Nc2 b4 16.Qd2 Nf5
17.b3 h5 18.Bb2 Bf8 19.Red1 Bb5 20.Ne3 Ng7 21.Ng5 Rd8 22.Nh3 a5 23.Nf4 Ne7
24.a4 Ba6 25.Rac1 Ngf5 26.Nxf5 Nxf5 27.Qc2 Bh6 28.Qc6+ Qxc6 29.Rxc6 Ra8 30.Rdc1 Bxf4
31.gxf4 O-O 32.R1c5 Nxh4 33.Rxa5 Nxg2 34.Raxa6 Nxf4 35.Rxa8 Rxa8 36.Kf1 Nd3
37.Ba1 g5 38.Ke2 Nf4+ 39.Kf3 Kg7 40.Bb2 Nd3 41.Bc1 Nxc1 42.Rxc1 Rh8 43.Rc7 h4
44.Kg2 h3+ 45.Kh2 Rh4 46.a5 Rxd4 47.Rb7 Rf4 48.Kxh3 Rf3+ 49.Kg4 Rxb3 50.Kxg5 Ra3
51.f4 Rg3+ 52.Kh4 Ra3 53.Kg5 Rg3+ 54.Kh4 Ra3  1/2-1/2

[Event "BL2-W9798"]
[Site "Germany"]
[Date "1997.??.??"]
[Round "?.1"]
[White "Emms, John M"]
[Black "Nielsen, Peter Heine"]
[Result "1/2-1/2"]
[WhiteElo "2530"]
[BlackElo "2515"]

1.e4 e5 2.Nf3 Nf6 3.Nc3 Nc6 4.d4 exd4 5.Nxd4 Bb4 6.Nxc6 bxc6 7.Bd3 O-O 8.O-O d5
9.exd5 cxd5 10.Bg5 c6 11.Na4 Bd6 12.Re1 h6 13.Bh4 Be6 14.c3 c5 15.Bc2 Re8
16.Qf3 Rc8 17.h3 g5 18.Bg3 Bxg3 19.fxg3 Kg7 20.Rf1 Bd7 21.Rf2 Re6 22.Raf1 Bb5
23.Bf5 Bxf1 24.Rxf1 Qe7 25.Bxe6 fxe6 26.Qe3 e5 27.Rf5 e4 28.Rf1 Qd6 29.Rd1 Kg6
30.b3 a5 31.Rd2 h5 32.Qf2 Qe5 33.Qe3 Qd6 34.Qf2 Qe5 35.Qe3 Qd6  1/2-1/2

[Event "BL2-W9697"]
[Site "Germany"]
[Date "1997.??.??"]
[Round "?.1"]
[White "Telljohann, Sven"]
[Black "Nielsen, Peter Heine"]
[Result "1/2-1/2"]
[WhiteElo "2415"]
[BlackElo "2525"]

1.Nf3 e6 2.c4 Nf6 3.g3 b6 4.Bg2 Bb7 5.O-O Be7 6.Nc3 O-O 7.d4 Ne4 8.Nxe4 Bxe4
9.Ne1 d5 10.Qa4 Qe8 11.Qxe8 Rxe8 12.cxd5 exd5 13.Be3 Nd7 14.Bh3 Nf6 15.Rc1 c5
16.dxc5 bxc5 17.Bxc5 Bxc5 18.Rxc5 Rab8 19.Nd3 Bxd3 20.exd3 Rxb2 21.Ra5 Re7
22.Bg2 g6 23.Bf3 Rd2 24.Ra3 Rb7 25.Kg2 Rbb2 26.Rxa7 Rxd3 27.a4 Rdd2 28.a5 Ne4
29.Bxe4 dxe4 30.Re7 Ra2  1/2-1/2

[Event "Karsten Kold op"]
[Site "Gistrup"]
[Date "1997.??.??"]
[Round "1"]
[White "Belov, Vladimir"]
[Black "Nielsen, Peter Heine"]
[Result "1/2-1/2"]
[WhiteElo "2260"]
[BlackElo "2515"]

1.e4 c5 2.Nf3 Nc6 3.d4 cxd4 4.Nxd4 g6 5.c4 Bg7 6.Be3 Nf6 7.Nc3 O-O 8.Be2 d6
9.O-O Bd7 10.f3 Qb6 11.Ncb5 a6 12.Nc2 Qa5 13.Nc3 Rac8 14.f4 b5 15.c5 Qd8
16.cxd6 exd6 17.Qxd6 Ng4 18.Bc5 Qh4 19.Bxg4 Bxg4 20.Bf2 Qe7 21.Qxe7 Nxe7
22.e5 f6 23.Ne3 Be6 24.Bh4 Nf5 25.Nxf5 gxf5 26.Bxf6 Bxf6 27.exf6 Kf7 28.Rfe1 b4
29.Ne2 Rfd8 30.a3 Rd2 31.axb4 Rxb2 32.Rab1 Rd2 33.Rbc1  1/2-1/2

[Event "Karsten Kold op"]
[Site "Gistrup"]
[Date "1997.??.??"]
[Round "2"]
[White "Nielsen, Peter Heine"]
[Black "Christensen, Stefan"]
[Result "1-0"]
[WhiteElo "2515"]
[BlackElo "2155"]

1.c4 e6 2.Nc3 f5 3.Nf3 Nf6 4.g3 b6 5.Bg2 Bb7 6.O-O Bb4 7.Qc2 O-O 8.a3 Bxc3
9.Qxc3 d6 10.b4 Qe7 11.Bb2 Nbd7 12.Rfd1 Rae8 13.d3 e5 14.a4 c5 15.a5 e4 16.Nh4 cxb4
17.Qxb4 e3 18.Bxb7 exf2+ 19.Kh1 Qxe2 20.Bf3 Qe3 21.Kg2 Ng4 22.Rf1 Qxd3 23.Qc3 Ne3+
24.Kxf2 Qxc3 25.Bxc3 Nxf1 26.Bd5+ Kh8 27.Kxf1 Ne5 28.axb6 axb6 29.Ra7 f4
30.g4 f3 31.Nf5 Rf6 32.h3 g6 33.Nxd6 Rxd6 34.Ra8  1-0

[Event "Karsten Kold op"]
[Site "Gistrup"]
[Date "1997.??.??"]
[Round "4"]
[White "Nielsen, Peter Heine"]
[Black "Hellegaard, Carsten"]
[Result "1/2-1/2"]
[WhiteElo "2515"]
[BlackElo "2270"]

1.Nf3 Nf6 2.c4 e6 3.Nc3 d5 4.d4 Be7 5.Bg5 Nbd7 6.e3 c6 7.cxd5 exd5 8.Bd3 O-O
9.Qc2 Re8 10.h3 Nf8 11.O-O-O Be6 12.Kb1 Rc8 13.g4 c5 14.Bb5 N8d7 15.Bxf6 Bxf6
16.dxc5 Rxc5 17.Nd4 a6 18.Bxd7 Bxd7 19.Qb3 Bc8 20.Rd2 b5 21.Nce2 Qa5 22.Qd1 Qc7
23.Rc2 Rc4 24.b3 Rxc2 25.Qxc2 Qe5 26.Rc1 h5 27.gxh5  1/2-1/2

[Event "Karsten Kold op"]
[Site "Gistrup"]
[Date "1997.??.??"]
[Round "5"]
[White "Salmensuu, Olli"]
[Black "Nielsen, Peter Heine"]
[Result "0-1"]
[WhiteElo "2380"]
[BlackElo "2515"]

1.c4 g6 2.Nc3 Bg7 3.g3 c5 4.Bg2 Nc6 5.e3 Bxc3 6.dxc3 d6 7.Ne2 Qd7 8.O-O b6
9.Nf4 Bb7 10.e4 O-O-O 11.b3 e6 12.Nd3 f5 13.Bg5 Re8 14.f3 h6 15.Bd2 Nf6 16.Qe2 g5
17.Rad1 Qc7 18.Rfe1 Ne5 19.Nf2 Rhg8 20.f4 Nf7 21.exf5 Bxg2 22.Kxg2 exf5 23.Qd3 Qd7
24.Rxe8+ Rxe8 25.Re1 Rxe1 26.Bxe1 g4 27.Nd1 h5 28.Ne3 Nh6 29.Nd5 Qe6 30.Nxf6 Qxf6
31.Qd5 Kb8 32.a4 Nf7 33.b4 Nd8 34.a5 bxa5 35.bxc5 dxc5 36.Qxc5 Qc6+ 37.Qd5 Kc7
38.Bf2 a4 39.Bc5 Nb7 40.Bb4 a5 41.Ba3 Qxd5+ 42.cxd5 Nd6 43.c4 Nxc4 44.Bc5 a3
45.Kf2 a2 46.Bd4 Kd6 47.Ke2 Kxd5 48.Kd3 Nd2  0-1

[Event "Karsten Kold op"]
[Site "Gistrup"]
[Date "1997.??.??"]
[Round "6"]
[White "Nielsen, Peter Heine"]
[Black "Hellsten, Johan"]
[Result "1-0"]
[WhiteElo "2515"]
[BlackElo "2495"]

1.d4 d5 2.c4 c6 3.Nc3 Nf6 4.e3 a6 5.Qc2 g6 6.Nf3 Bg7 7.Bd3 O-O 8.O-O Be6
9.b3 b5 10.cxb5 cxb5 11.Ne5 Nfd7 12.Nxd7 Nxd7 13.Bb2 Qb8 14.Ne2 Rc8 15.Qd2 Bf5
16.Bxf5 gxf5 17.Ba3 e6 18.Nf4 Nf6 19.f3 a5 20.Be7 Qc7 21.Bc5 Qd8 22.Rac1 Nd7
23.Nd3 Bh6 24.Rc2 Rc6 25.Rfc1 b4 26.Qe1 Qg5 27.f4 Qg6 28.Be7 Rxc2 29.Rxc2 f6
30.Rc7 Qe8 31.Qg3+ Kh8 32.Nc5 Qxe7 33.Rxd7 Qe8 34.Rd6 e5 35.dxe5 Bf8 36.Ne6 Bh6
37.exf6 Qh5 38.Qf3  1-0

[Event "Karsten Kold op"]
[Site "Gistrup"]
[Date "1997.??.??"]
[Round "8"]
[White "Kengis, Edvins"]
[Black "Nielsen, Peter Heine"]
[Result "1/2-1/2"]
[WhiteElo "2590"]
[BlackElo "2515"]

1.Nf3 c5 2.c4 g6 3.d4 cxd4 4.Nxd4 Bg7 5.e4 Nc6 6.Be3 Nf6 7.Nc3 O-O 8.Be2 d6
9.O-O Bd7 10.Qd2 Nxd4 11.Bxd4 Bc6 12.f3 a5 13.b3 Nd7 14.Bf2 Qc7 15.Rac1 Rfc8
16.Rfe1 Nc5 17.Bf1 Qb6 18.Nb5 Qd8 19.e5 a4 20.b4 Ne6 21.exd6  1/2-1/2

[Event "Karsten Kold op"]
[Site "Gistrup"]
[Date "1997.??.??"]
[Round "10"]
[White "Nielsen, Peter Heine"]
[Black "Volzhin, Alexander"]
[Result "1/2-1/2"]
[WhiteElo "2515"]
[BlackElo "2495"]

1.d4 Nf6 2.c4 e6 3.Nc3 Bb4 4.Nf3 c5 5.g3 cxd4 6.Nxd4 O-O 7.Bg2 d5 8.cxd5 Nxd5
9.Qb3 Qa5 10.Bd2 Nc6 11.Nxc6 bxc6 12.O-O Bxc3 13.Bxc3  1/2-1/2

[Event "DEN-chT 9798"]
[Site "Denmark"]
[Date "1998.01.11"]
[Round "4"]
[White "Schandorff, Lars"]
[Black "Nielsen, Peter Heine"]
[Result "1/2-1/2"]
[WhiteElo "2510"]
[BlackElo "2525"]

1.d4 Nf6 2.c4 e6 3.Nc3 Bb4 4.Qc2 O-O 5.a3 Bxc3+ 6.Qxc3 b6 7.Bg5 Bb7 8.f3 h6
9.Bh4 d5 10.e3 Nbd7 11.cxd5 Nxd5 12.Bxd8 Nxc3 13.Bh4 Nd5 14.Bf2 f5 15.Bb5 c6
16.Bd3 e5 17.Ne2 Rae8 18.O-O exd4 19.exd4 Nb8 20.Nc3 Ba6 21.Bxa6 Nxa6 22.Nxd5 cxd5
23.Rfe1 Nc7 24.Rac1 Rxe1+ 25.Rxe1 Kf7 26.Re5 g6 27.Be3 h5 28.h4 Re8  1/2-1/2

[Event "DEN-chT 9798"]
[Site "Denmark"]
[Date "1998.02.01"]
[Round "5"]
[White "Nielsen, Peter Heine"]
[Black "Jelling, Erik"]
[Result "1-0"]
[WhiteElo "2525"]
[BlackElo "2400"]

1.d4 d5 2.c4 c6 3.Nc3 Nf6 4.e3 g6 5.Nf3 Bg7 6.Be2 O-O 7.O-O Re8 8.b4 Ne4
9.Bb2 Nxc3 10.Bxc3 Bg4 11.Qb3 e6 12.Rfd1 a6 13.a4 Nd7 14.h3 Bxf3 15.Bxf3 Nb6
16.Be2 dxc4 17.Bxc4 Nxc4 18.Qxc4 Qd5 19.Qe2 b5 20.Qb2 Reb8 21.a5 Rb7 22.Rac1 Rc8
23.Be1 Bf8 24.Rd2 Bd6 25.Rdc2 Rbc7 26.Bc3 Qe4 27.Re2 Rd7 28.Qd2 Rdc7 29.Ba1 Qh4
30.Qc3 Qe7 31.Rb1 Qf6 32.Rc2 Qg7 33.Qd3 Qf8 34.Qc3 Qg7 35.Qd3 Qf8 36.Bc3 Qd8
37.Be1 Qe7 38.Qe4 Qd7 39.Rbc1 Be7 40.Kf1 Bd6 41.h4 f5 42.Qf3 Be7 43.h5 Qd5
44.Qxd5 exd5 45.hxg6 hxg6 46.Ke2 Kf7 47.Bd2 Bf6 48.f3 Ke6 49.Be1 Kd7 50.Bg3 Ra7
51.e4 fxe4 52.fxe4 Re8 53.e5 Re6 54.Rf1 Be7 55.Rf7 Ke8 56.Rh7 Rd7 57.Rh8+ Bf8
58.Bf4 Kf7 59.Rc1 Bxb4 60.Rch1 g5 61.R1h7+ Kg6 62.Rxd7 gxf4 63.Rg8+ Kf5 64.Kf3  1-0

[Event "Cappelle op"]
[Site "Cappelle la Grande"]
[Date "1998.02.27"]
[Round "8"]
[White "Al Modiahki, Mohamad"]
[Black "Nielsen, Peter Heine"]
[Result "0-1"]
[WhiteElo "2425"]
[BlackElo "2505"]

1.e4 e6 2.d4 d5 3.Nc3 Nf6 4.Bg5 dxe4 5.Nxe4 Be7 6.Bxf6 Bxf6 7.Nf3 O-O 8.Qd2 Nd7
9.O-O-O Be7 10.h4 b6 11.Bd3 Bb7 12.Nfg5 h6 13.f4 c5 14.dxc5 bxc5 15.Nd6 Bxd6
16.Bh7+ Kh8 17.Qxd6 Bxg2 18.Rh2 Bd5 19.c4 Rb8 20.f5 Nf6 21.Qg3 Nxh7 22.fxe6 hxg5
23.Rxd5 Qf6 24.hxg5 Qf1+ 25.Rd1 Qxc4+ 26.Kb1 Qxe6 27.Qd3 Qg6 28.Qxg6 fxg6
29.Rdh1 Kg8 30.Rxh7 Rbe8 31.Rh8+ Kf7 32.Rf1+ Ke7 33.Rfxf8 Rxf8 34.Rh4 Ke6
35.Re4+ Kf5 36.Rc4 Kxg5 37.Rxc5+ Kh6 38.b4 g5 39.Kb2 g4 40.Re5 g3 41.Kc3 Rf2  0-1

[Event "Politiken Cup"]
[Site "Copenhagen"]
[Date "1998.07.04"]
[Round "1"]
[White "Petersen, Nils"]
[Black "Nielsen, Peter Heine"]
[Result "0-1"]
[WhiteElo "2085"]
[BlackElo "2505"]

1.c4 g6 2.Nc3 Bg7 3.Nf3 Nf6 4.g3 d5 5.cxd5 Nxd5 6.Bg2 O-O 7.O-O c5 8.d4 Nxc3
9.bxc3 Nc6 10.e3 Qa5 11.Qd2 e5 12.dxe5 Nxe5 13.Nxe5 Bxe5 14.Bb2 Be6 15.Rfb1 Rad8
16.Qc2 b6 17.a4 Rd6 18.Rd1 Rfd8 19.Rxd6 Rxd6 20.Rc1 Bg7 21.Bf3 h5 22.Rd1 Rxd1+
23.Bxd1 a6 24.Qd2 b5 25.axb5 axb5 26.Be2 Kh7 27.Kf1 c4 28.Qc1 Qa8 29.f3 Qa2
30.Qa1 Qxa1+ 31.Bxa1 b4 32.Ke1 bxc3  0-1

[Event "Politiken Cup"]
[Site "Copenhagen"]
[Date "1998.07.05"]
[Round "2"]
[White "Nielsen, Peter Heine"]
[Black "Nordahl, Helge"]
[Result "1-0"]
[WhiteElo "2505"]
[BlackElo "2245"]

1.d4 d5 2.c4 e6 3.Nf3 c6 4.Qc2 dxc4 5.Qxc4 b5 6.Qc2 Nf6 7.e4 Bb7 8.Bd3 a6
9.Nc3 c5 10.dxc5 Nc6 11.Qe2 Bxc5 12.O-O Ng4 13.e5 Nd4 14.Nxd4 Qxd4 15.Be4 Bxe4
16.Nxe4 Qxe5 17.Qxg4 f5 18.Bf4 Qxe4 19.Qxg7 Bd4 20.Qh6 Rg8 21.g3 Kf7 22.Rfe1 Qd5
23.Rad1 Rae8 24.Qxh7+ Rg7 25.Qh5+ Rg6 26.Be5 Bxe5 27.Rxd5 exd5 28.Qxf5+ Rf6
29.Qh7+ Kf8 30.Qh8+  1-0

[Event "Politiken Cup"]
[Site "Copenhagen"]
[Date "1998.07.06"]
[Round "3"]
[White "Lindberg, Bengt"]
[Black "Nielsen, Peter Heine"]
[Result "0-1"]
[WhiteElo "2305"]
[BlackElo "2505"]

1.e4 e6 2.d4 d5 3.Nc3 Nf6 4.Bg5 Bb4 5.e5 h6 6.Bd2 Bxc3 7.bxc3 Ne4 8.Qg4 g6
9.Bd3 Nxd2 10.Kxd2 c5 11.Qf4 Bd7 12.Nf3 Bc6 13.h4 Nd7 14.Rh3 Qe7 15.dxc5 Nxc5
16.Nd4 O-O-O 17.Rf3 Rd7 18.Qf6 Qxf6 19.Rxf6 h5 20.f3 Re7 21.Re1 Rc7 22.Rf4 Kd8
23.Nb3 Na4 24.c4 dxc4 25.Rxc4 Nb6 26.Rd4+ Ke7 27.c4 Nd7 28.Bf1 Rhc8 29.f4 b6
30.Ke3 Bb7 31.g3 Ba6 32.Nd2 Nc5 33.Rb1 Bb7 34.Be2 Nd7 35.Nb3 Nb8 36.a3 Nc6
37.Rdd1 Kf8 38.c5 Ne7 39.cxb6 axb6 40.Rbc1 Nd5+ 41.Kf2 Nc3 42.Rg1 Ne4+ 43.Ke3 Rc3+
44.Bd3 Nxg3 45.Kd2 Rxb3 46.Rxc8+ Bxc8 47.Rxg3 Ba6 48.Re3 Rxa3 49.Bxa6 Ra2+
50.Kd3 Rxa6 51.Ke4 Ra4+ 52.Kf3 Rb4  0-1

[Event "Politiken Cup"]
[Site "Copenhagen"]
[Date "1998.07.08"]
[Round "5"]
[White "Hector, Jonny"]
[Black "Nielsen, Peter Heine"]
[Result "1/2-1/2"]
[WhiteElo "2505"]
[BlackElo "2505"]

1.e4 e5 2.Nf3 Nf6 3.Nc3 Nc6 4.g3 Bc5 5.Bg2 d6 6.d3 a6 7.Be3 Bxe3 8.fxe3 Bg4
9.h3 Bxf3 10.Qxf3 h5 11.h4 Ne7 12.Bh3 c6 13.O-O-O Neg8 14.g4 hxg4 15.Bxg4 Nxg4
16.Qxg4 Nf6 17.Qf3 Qe7 18.Ne2 Nh5 19.Rdf1 g6 20.Ng1 f6 21.Rh2 Qe6 22.Rg2 Rh6
23.Kb1 O-O-O 24.c4 Rf8 25.Rc2 f5 26.d4 Kb8 27.c5 exd4 28.exd4 Rhh8 29.d5 Qxe4
30.dxc6 dxc5 31.cxb7 Qxf3 32.Nxf3 Rf6 33.Rxc5 Kxb7 34.Rfc1 Rh7 35.a4 Ng3
36.Ka2 Ne4 37.R5c4 a5 38.Ne5 Re6 39.Nc6 Ka6 40.b4 axb4 41.Rxb4 Rxh4 42.a5 Nc3+
43.Rxc3  1/2-1/2

[Event "Politiken Cup"]
[Site "Copenhagen"]
[Date "1998.07.13"]
[Round "9"]
[White "Schandorff, Lars"]
[Black "Nielsen, Peter Heine"]
[Result "1/2-1/2"]
[WhiteElo "2525"]
[BlackElo "2505"]

1.d4 e6 2.c4 Bb4+ 3.Bd2 Bxd2+ 4.Qxd2 Nf6 5.g3 O-O 6.Bg2 d5 7.Nf3 Nbd7 8.O-O c6
9.Qc2 b6 10.Nbd2 Bb7 11.b4 dxc4 12.Nxc4 Qe7 13.e4 c5 14.e5 Nd5 15.bxc5 bxc5
16.Nd6 Ba6 17.Rfc1 cxd4 18.Qa4 Be2 19.Qxd4 f6 20.Nf5 Qf7 21.exf6 Bxf3 22.Bxf3 N7xf6
23.Nd6 Qe7 24.Nc4  1/2-1/2

[Event "Politiken Cup"]
[Site "Copenhagen"]
[Date "1998.07.15"]
[Round "11"]
[White "Holst, Allan"]
[Black "Nielsen, Peter Heine"]
[Result "0-1"]
[WhiteElo "2365"]
[BlackElo "2505"]

1.Nf3 c5 2.b3 Nf6 3.Bb2 g6 4.c4 Bg7 5.g3 d6 6.Bg2 e5 7.O-O O-O 8.Nc3 Nc6
9.e3 h6 10.h3 Nh5 11.g4 Nf6 12.d4 exd4 13.exd4 h5 14.dxc5 hxg4 15.hxg4 dxc5
16.g5 Nh5 17.Qxd8 Rxd8 18.Na4 Bxb2 19.Nxb2 Nf4 20.Na4 b6 21.Rfd1 Bb7 22.Bf1 Nb4
23.Ne5 Nc2 24.Rac1 Nd4 25.Kh2 Kg7 26.Nc3 Re8 27.Nd3 Rh8+ 28.Kg3 Nf5+  0-1

[Event "DEN-chT 9899"]
[Site "Denmark"]
[Date "1998.11.14"]
[Round "2"]
[White "Nielsen, Peter Heine"]
[Black "Hoi, Carsten"]
[Result "1/2-1/2"]
[WhiteElo "2515"]
[BlackElo "2410"]

1.Nf3 d6 2.d4 Bg4 3.g3 Bxf3 4.exf3 c6 5.Nc3 d5 6.f4 e6 7.Bd3 g6 8.Ne2 Bg7
9.c3 Nd7 10.O-O Ne7 11.a4 O-O 12.a5 b5 13.Be3 a6 14.Nc1 Nf5 15.Bxf5 exf5
16.Nd3 Qc7 17.Re1 Nf6 18.Qc2 Ne4 19.b3 Nd6 20.Bc1 Rfe8 21.Ba3 Nb7 22.Rxe8+ Rxe8
23.Bb4 h5 24.Qd2 Bf6 25.Re1 Re4 26.f3 Re6 27.Rxe6 fxe6 28.Qe3 Kf7 29.Ne5+ Kg7
30.Nd3 Kf7 31.Ne5+ Kg7 32.Nd3  1/2-1/2

[Event "DEN-chT 9899"]
[Site "Denmark"]
[Date "1998.11.15"]
[Round "3"]
[White "Schandorff, Lars"]
[Black "Nielsen, Peter Heine"]
[Result "1/2-1/2"]
[WhiteElo "2535"]
[BlackElo "2515"]

1.c4 c5 2.Nc3 g6 3.g3 Bg7 4.Bg2 Nc6 5.Nf3 e6 6.d4 cxd4 7.Nb5 d5 8.cxd5 exd5
9.O-O Nge7 10.Nbxd4 O-O 11.Be3 Re8 12.Rc1 Nf5 13.Nxf5 Bxf5 14.Qd2 d4 15.Bh6 Qf6
16.Rfe1 Be4 17.Bf4 a5 18.a3 Qf5 19.Nh4 Qe6 20.Bxe4 Qxe4 21.Qd3 Qe7 22.Nf3 Rad8
23.Bg5  1/2-1/2

[Event "Rilton Cup 9899"]
[Site "Stockholm"]
[Date "1998.12.30"]
[Round "3"]
[White "Nielsen, Peter Heine"]
[Black "Holst, Allan"]
[Result "1/2-1/2"]
[WhiteElo "2515"]
[BlackElo "2350"]

1.d4 Nf6 2.c4 c5 3.d5 e5 4.Nc3 d6 5.e4 Be7 6.Be2 Nbd7 7.Nf3 Nf8 8.O-O Ng6
9.Ne1 h5 10.Nd3 h4 11.Rb1 b6 12.b4 Bd7 13.Be3 Qc8 14.bxc5 bxc5 15.Qd2 Bd8
16.f4 exf4 17.Bxf4 Bc7 18.h3 O-O 19.Bh2 Qd8 20.Bf3 Rb8 21.Rbc1 a6 22.Kh1 Bc8
23.Qf2 Qe7 24.e5 Nxe5 25.Nxe5 dxe5 26.Rce1 Rb4 27.Qxh4 Nxd5 28.Qxe7 Nxe7
29.Bxe5 Bxe5 30.Rxe5 Be6 31.Nd5 Ng6 32.Rxe6 fxe6 33.Nxb4 cxb4 34.Re1 Nf4
35.Bg4 Rf6 36.Rd1 e5 37.Bf3 Kf8  1/2-1/2

[Event "Rilton Cup 9899"]
[Site "Stockholm"]
[Date "1998.12.31"]
[Round "4"]
[White "Bjarnehag, Peter"]
[Black "Nielsen, Peter Heine"]
[Result "0-1"]
[WhiteElo "2260"]
[BlackElo "2515"]

1.Nf3 c5 2.c4 g6 3.Nc3 Bg7 4.g3 Nc6 5.Bg2 d6 6.O-O Qd7 7.a3 b6 8.e3 Bxc3
9.dxc3 Bb7 10.e4 Na5 11.Qe2 e5 12.b4 Nb3 13.Rb1 Nxc1 14.Rfxc1 Qc7 15.Rd1 Nf6
16.Ne1 O-O 17.Rd2 Rac8 18.b5 h5 19.Rbd1 Rcd8 20.Nc2 h4 21.Rd3 Qe7 22.Ne3 Kg7
23.Qd2 Nxe4 24.Bxe4 Bxe4 25.Rxd6 hxg3 26.fxg3 Rxd6 27.Qxd6 Qg5 28.Nf1 Qf5
29.Rd2 Ba8 30.Qd3 Qxd3 31.Rxd3 f5 32.Rd7+ Rf7 33.Rd8 Be4 34.Nd2 Bc2 35.Nf3 Re7
36.Ne1 Bb3 37.Kf2 Bxc4  0-1

[Event "Cappelle op"]
[Site "Cappelle la Grande"]
[Date "1998.??.??"]
[Round "2"]
[White "Ivanov, Jordan"]
[Black "Nielsen, Peter Heine"]
[Result "1/2-1/2"]
[WhiteElo "2410"]
[BlackElo "2505"]

1.Nf3 Nf6 2.c4 c5 3.Nc3 Nc6 4.d4 cxd4 5.Nxd4 g6 6.e4 d6 7.Be2 Bg7 8.Be3 O-O
9.O-O Bd7 10.Qd2 Nxd4 11.Bxd4 Bc6 12.f3 a5 13.Rab1 Nd7 14.Bf2 a4 15.Nd5 Nc5
16.Rfc1 b6 17.b4 axb3 18.axb3 Ra3 19.Bd1 e6 20.Nxb6 Be5 21.Bc2 g5 22.b4 Bf4
23.Qe1 Qxb6 24.bxc5 Qc7 25.g3 Be5 26.cxd6 Qxd6 27.Rd1 Qe7 28.Rd3 Rfa8 29.Rb6 Rxd3
30.Bxd3 Ra3 31.Be2 Ra1 32.Rb1 Ra2 33.Bf1 Qf6 34.Bg2 Bd4 35.Be3 g4 36.Bxd4 Qxd4+
37.Kh1 gxf3 38.Bxf3 Qd3 39.Qd1 Rd2 40.Qb3 Qxb3 41.Rxb3 Rc2 42.Re3 Rxc4 43.Kg1 e5
44.Kf2 Rc2+  1/2-1/2

[Event "Cappelle op"]
[Site "Cappelle la Grande"]
[Date "1998.??.??"]
[Round "4"]
[White "Alonso, Salvador"]
[Black "Nielsen, Peter Heine"]
[Result "1-0"]
[WhiteElo "2390"]
[BlackElo "2505"]

1.e4 c5 2.Nf3 Nc6 3.d4 cxd4 4.Nxd4 g6 5.Nc3 Bg7 6.Be3 Nf6 7.Nb3 O-O 8.f3 d6
9.Qd2 Be6 10.O-O-O Ne5 11.Bh6 Bxh6 12.Qxh6 a5 13.a4 Qb6 14.Nd4 Rfc8 15.Ndb5 Nc4
16.Bxc4 Bxc4 17.b3 Bxb5 18.Nxb5 Rc5 19.Kb2 Rac8 20.c4 d5 21.exd5 Nxd5 22.h4 Qf6+
23.Ka3 Nc3 24.Rd3 Nxb5+ 25.axb5 a4 26.Rhd1 e6 27.Qd2 axb3 28.Rd8+ Kg7 29.Rxc8 Rxc8
30.Kxb3 Qxh4 31.Qd4+ Qxd4 32.Rxd4 Rc7 33.Kb4 Kf6 34.Rd8 Ke7 35.Rb8 e5 36.c5 f5
37.Rh8 Ke6 38.Kc4 e4 39.fxe4 fxe4 40.Kd4 e3 41.Re8+ Kd7 42.Rxe3 Rc8 43.Rh3 h5
44.Rg3 Rg8 45.Rg5 Ke7 46.Re5+ Kd7 47.Kd5 Rd8 48.Re6 Kc8+ 49.Kc4 g5 50.Re5 Rg8
51.Re7 h4 52.Rh7 Rf8 53.b6 Rg8 54.Kd5 Rd8+ 55.Ke5 Re8+ 56.Kf6 Rf8+ 57.Ke5 Re8+
58.Kf6  1-0

[Event "BL2-W9798"]
[Site "Germany"]
[Date "1998.??.??"]
[Round "?.1"]
[White "Telljohann, Sven"]
[Black "Nielsen, Peter Heine"]
[Result "1-0"]
[WhiteElo "2415"]
[BlackElo "2515"]

1.c4 c5 2.Nc3 Nc6 3.g3 g6 4.Bg2 Bg7 5.a3 d6 6.Rb1 a5 7.Nf3 e5 8.O-O Nge7
9.Ne1 Be6 10.Nd5 O-O 11.Nc2 a4 12.Nce3 Ra7 13.Nc3 Nd4 14.Ned5 Nxd5 15.Nxd5 Qa5
16.b4 axb3 17.e3 Nc6 18.Rxb3 Qd8 19.d3 Ne7 20.Nxe7+ Qxe7 21.Rb6 Qc7 22.Qb3 Rb8
23.Re1 Bf6 24.Qb1 Bd8 25.Rb3 Bd7 26.f4 Ba4 27.Rb2 exf4 28.gxf4 Bf6 29.f5 Bc6
30.fxg6 hxg6 31.Rf1 Bxb2 32.Qxb2 b5 33.Bxc6 Qxc6 34.Qf6 Qd7 35.Bb2 Qg4+ 36.Kh1 Kf8
37.Qxd6+ Ke8 38.Qxb8+ Kd7 39.Qxa7+  1-0